[Event "Biel GM 43rd"]
[Site "Biel"]
[Date "2010.07.20"]
[Round "2"]
[White "Tomashevsky, Evgeny"]
[Black "Negi, Parimarjan"]
[Result "1-0"]
[WhiteElo "2708"]
[BlackElo "2615"]
[Annotator "CB"]
[PlyCount "187"]
[EventDate "2010.07.19"]
[EventType "tourn"]
[EventRounds "9"]
[EventCountry "SUI"]
[EventCategory "17"]
[SourceTitle "CBM 138"]
[Source "ChessBase"]
[SourceDate "2010.09.17"]
[SourceVersion "1"]
[SourceVersionDate "2010.09.17"]
[SourceQuality "1"]

1. d4 d5 2. c4 e6 3. Nf3 Nf6 4. Nc3 Be7 5. Bf4 O-O 6. e3 c5 7. dxc5 Bxc5 8. Qc2
Nc6 9. a3 Be7 10. Bg3 Ne4 11. cxd5 exd5 12. Bd3 Nxc3 13. bxc3 g6 14. O-O Bf6
15. Rab1 Qa5 16. Rb3 a6 17. c4 Be6 18. Rxb7 Rfc8 19. cxd5 Bxd5 20. Qd1 Nd4 21.
Rb4 Nxf3+ 22. gxf3 Qxa3 23. Ra4 Qc5 24. e4 Bb7 25. Qb3 Qc3 26. Qxb7 Qxd3 27. e5
Bg7 28. Rf4 Rf8 29. Rxf7 Rxf7 30. Qxa8+ Rf8 31. Qc6 Qxf3 32. Qxa6 Qe4 33. Qa5
h5 34. Re1 Qf5 35. Qa2+ Kh7 36. e6 Re8 37. Qc4 Bf6 38. Kg2 g5 39. Qc6 h4 40.
Qxe8 h3+ 41. Kg1 Qf3 42. Qd7+ Kh6 43. Kf1 Qh1+ 44. Ke2 Qe4+ 45. Kf1 Qh1+ 46.
Ke2 Qe4+ 47. Kd2 Qb4+ 48. Kd3 Qxe1 49. Kc4 Qc3+ 50. Kb5 Qb3+ 51. Kc6 Qc4+ 52.
Kb7 Qb4+ 53. Kc8 Qf8+ 54. Kc7 Qc5+ 55. Qc6 Qe7+ 56. Kc8 Qf8+ 57. Kb7 Qb4+ 58.
Kc7 Qe7+ 59. Kb6 Qb4+ 60. Qb5 Qe4 61. Qb3 Kg6 62. Kc7 Be5+ 63. Bxe5 Qxe5+ 64.
Kc6 Qe4+ ({Better was} 64... Kf6 $1 {after which the e6 pawn must fall, ending
any hopes by White.}) 65. Qd5 Qa4+ 66. Kd6 Qa6+ 67. Qc6 Qa3+ 68. Qc5 Qa6+ 69.
Kd7 Qa4+ 70. Kd8 Qa8+ 71. Kd7 Qa4+ 72. Ke7 g4 73. Kd8 Qd1+ 74. Ke8 Qa4+ 75. Ke7
Qe4 76. Qb5 Kh6 77. Kd6 Qf4+ 78. Qe5 Qxf2 $4 (78... Qb4+ 79. Qc5 Qb8+ 80. Qc7
Qb4+ 81. Ke5 Qb2+ {etc.}) 79. e7 Qb6+ 80. Kd7 Qb7+ 81. Ke6 Qb3+ 82. Kf5 Qc2+
83. Kxg4 Qg2+ 84. Kh4 Qf2+ 85. Kxh3 Qf3+ 86. Kh4 Qf2+ 87. Kg4 Qg2+ 88. Kf5 Qg6+
89. Kf4 Qf7+ 90. Kg3 Qe8 91. h4 Kg6 92. h5+ Kh6 93. Qf6+ Kxh5 94. Qf5+ 1-0

[Event "FIDE World Cup"]
[Site "Baku"]
[Date "2015.09.11"]
[Round "1.1"]
[White "Cori Tello, Deysi Estella"]
[Black "Kramnik, Vladimir"]
[Result "0-1"]
[WhiteElo "2419"]
[BlackElo "2777"]
[Annotator "CB"]
[PlyCount "62"]
[EventDate "2015.09.11"]
[EventType "k.o."]
[EventRounds "7"]
[EventCountry "AZE"]
[SourceTitle "CBM 169"]
[Source "ChessBase"]
[SourceDate "2015.11.10"]
[SourceVersion "1"]
[SourceVersionDate "2015.11.10"]
[SourceQuality "1"]

1. d4 d5 2. c4 e6 3. Nc3 Nf6 4. Nf3 Nbd7 5. e3 a6 6. cxd5 exd5 7. Bd3 Bd6 8. g4
{Aggressiv!} h6 9. Rg1 b5 10. Qc2 Bb7 11. Bd2 Qe7 12. Bf5 g6 13. Bxd7+ Nxd7 14.
O-O-O {[#] Nun steht zuviel auf der c-Linie herum} c5 15. dxc5 Nxc5 16. Be1 (
16. Kb1 $17) 16... Rc8 17. Kb1 d4 $19 {Damit ist die Partie schon vorbei.} 18.
exd4 (18. Nxd4 b4 19. Nce2 Be4 {das drohte auch noch.}) 18... Bxf3 19. dxc5
Bxd1 20. Qxd1 Rxc5 {Zählen: Schwarz hat eine Qualität mehr.} 21. Qf3 O-O 22.
Ne4 Rc4 23. Nf6+ Kg7 24. Bd2 Be5 25. g5 hxg5 26. Nh5+ {Weiß hat noch einen
Trick.} Kg8 (26... gxh5 {ging nicht:} 27. Bxg5 Qb4 $11 (27... Qe6 28. Bf4+ Kf6
29. Bxe5+ Kxe5 30. Re1+ Kd6 31. Rxe6+ Kxe6 $11) 28. Bf6+ Kh6 29. Bg5+) 27. Bxg5
Qb4 28. Nf6+ Bxf6 29. Qxf6 {Droht Lh6 mit Matt, aber...} Rg4 30. Rd1 (30. Bh6
Qe4+ 31. Kc1 Rc8+ {nebst Matt.}) 30... Qe4+ 31. Ka1 Qd5 {Das sieht alles so
leicht aus.} 0-1

[Event "Jermuk FIDE GP (Women)"]
[Site "Jermuk"]
[Date "2012.07.18"]
[Round "2"]
[White "Koneru, Humpy"]
[Black "Khurtsidze, Nino"]
[Result "1-0"]
[WhiteElo "2598"]
[BlackElo "2456"]
[Annotator "CB"]
[PlyCount "49"]
[EventDate "2012.07.16"]
[EventType "tourn"]
[EventRounds "11"]
[EventCountry "ARM"]
[EventCategory "11"]
[SourceTitle "CBM 150"]
[Source "ChessBase"]
[SourceDate "2012.09.14"]
[SourceVersion "1"]
[SourceVersionDate "2012.09.14"]
[SourceQuality "1"]

1. d4 d5 2. c4 e6 3. Nc3 Be7 4. Nf3 Nf6 5. Bf4 O-O 6. e3 c5 7. dxc5 Bxc5 8. a3
Nc6 9. Qc2 Qa5 10. O-O-O Be7 11. Nd2 Bd7 12. g4 e5 $2 {Black has miscalculated
and plays her moves in an incorrect order, resulting in a positional error.} (
12... Rfc8 {has been played by black on different occasions in the games
Kempinski-Lutz, Kempinski-Short and Georgadze-Vaganian.}) 13. g5 Nh5 14. Nb3
Qc7 15. Nxd5 Qd8 16. Bg3 Bxg5 17. Be2 Nxg3 18. hxg3 h6 19. f4 Be7 20. g4 f5 21.
g5 hxg5 22. Bh5 Be8 23. Qh2 exf4 24. exf4 Bf6 25. Bf3 1-0

[Event "ROM-GER Kings"]
[Site "Medias"]
[Date "2015.11.03"]
[Round "5.5"]
[White "Wagner, Dennis"]
[Black "Parligras, Mircea Emilian"]
[Result "1/2-1/2"]
[WhiteElo "2575"]
[BlackElo "2586"]
[Annotator "CB"]
[PlyCount "81"]
[EventDate "2015.10.30"]
[EventType "schev"]
[EventRounds "5"]
[EventCountry "ROU"]
[SourceTitle "CBM 169"]
[Source "ChessBase"]
[SourceDate "2015.11.10"]
[SourceVersion "1"]
[SourceVersionDate "2015.11.10"]
[SourceQuality "1"]
[WhiteTeam "Germany"]
[BlackTeam "Romania"]
[WhiteTeamCountry "GER"]
[BlackTeamCountry "ROU"]
[TimeControl "40/5400+30:1800+30"]

1. d4 Nf6 2. c4 e6 3. Nf3 d5 4. Nc3 Be7 5. Bf4 O-O 6. Rc1 (6. e3 {ist die
Hauptfortsetzung, die zu einer bekannten Stellung führt.}) 6... c5 7. dxc5 {
[#]} dxc4 (7... Bxc5 {wird auf hohem Niveau häufiger gespielt und wurde
bereits von Spielern wie Jakovenko, Grischuk, Gelfand und Adams angewandt.} 8.
e3 Nc6 $13) 8. e3 Nd5 9. Bxc4 Nxf4 10. exf4 Qxd1+ 11. Kxd1 Bxc5 12. Ke2 Nd7 (
12... Nc6 $6 13. Rhd1 {und Schwarz hat Schwierigkeiten, seine Figuren zu
entwickeln.}) 13. Rhd1 {Aus der Eröffnung heraus ist ein Endspiel entstanden,
und ich glaube, dass Weiß hier besser steht. Weiß hat seine Entwicklung
beendet und hat die Feldern und Linien im Zentrum besser unter Kontrolle.
Schwarz hingegen hat Probleme, seine Entwicklung zu beenden.} Nf6 14. Ne5 b6
15. Na4 Be7 16. Nc6 Re8 17. Nxe7+ (17. b4 $6 Bb7 18. b5 Bf8 $15 {Der weiße
Springer auf a4 steht leicht deplatziert.}) 17... Rxe7 18. Rd8+ Re8 19. Rxe8+
Nxe8 20. Bd3 Bb7 {Schwarz ist es gelungen, seine Entwicklung zu beenden und
konnte außerdem ein paar Figuren tauschen. Der natürlichste Plan für ihn
besteht jetzt darin, den König nach e7 zu bringen und gäbe es die
"40-Züge-Regel" nicht, könnte man dann getrost Remis machen.} 21. g3 Kf8 22.
Rc2 Ke7 23. Nc3 Nd6 24. Nb5 Nxb5 25. Bxb5 Rc8 26. Rxc8 Bxc8 27. Ke3 Kd6 28. Kd4
a5 29. a3 f6 30. Bd3 h6 31. h4 Bb7 32. Bc4 Bc6 33. b4 axb4 34. axb4 Bb7 35. Bb3
Ba6 36. Ba2 Be2 37. Bb3 Bf1 38. Ba2 Bg2 39. Bc4 Bf3 40. Bb3 Bb7 41. Bc4 {
Diese Partie war theoretisch interessant. Weiß hat 6.Tc1 versucht und Schwarz
gelang es, diese Variante auf interessante Weise zu neutralisieren.} 1/2-1/2

[Event "Belgrade"]
[Site "Belgrade"]
[Date "1993.??.??"]
[Round "8"]
[White "Kramnik, Vladimir"]
[Black "Beliavsky, Alexander G"]
[Result "1/2-1/2"]
[WhiteElo "2710"]
[BlackElo "2635"]
[Annotator "Chekhov,V"]
[PlyCount "65"]
[EventDate "1993.??.??"]
[EventType "tourn"]
[EventRounds "9"]
[EventCountry "YUG"]
[EventCategory "16"]
[SourceTitle "CBM 039"]
[Source "ChessBase"]
[SourceDate "1994.04.01"]
[SourceVersion "1"]
[SourceVersionDate "1994.04.01"]
[SourceQuality "1"]

1. Nf3 d5 2. d4 Nf6 3. c4 e6 4. Nc3 Be7 5. Bf4 O-O 6. e3 c5 7. dxc5 Bxc5 8. a3
(8. Be2 dxc4 9. Bxc4 a6 10. Qe2 b5 11. Bd3 Bb7 12. O-O Nbd7 13. Rfd1 Qb6 14.
Bg3 Be7 15. a4 b4 16. a5 Qc5 17. Nb1 Qh5 18. Nbd2 Nc5 19. Bc4 $14 {Gurevich,
M-Geller,E/Helsinki/1992/1-0/34}) (8. cxd5 Nxd5 9. Nxd5 exd5 10. a3 Nc6 11. Bd3
Bb6 12. O-O Bg4 13. h3 Bh5 14. b4 a6 15. Rc1 d4 16. g4 Bg6 17. e4 Re8 18. Nd2
$14 {Beliavsky,A-Georgiev,Kir/Biel/1992/ 0,5 (33) Inf 55/414/}) 8... Nc6 9. Rc1
$5 $146 (9. Qc2 Qa5 10. O-O-O Ne4 11. Nb5 a6 12. Nc7 e5 13. Nxd5 Nxf2 14. Ng5
Bf5 15. Qxf2 exf4 16. Qxf4 Ne7 $1 17. Nxe7+ Bxe7 18. Rd5 $1 $10 {Gelfand,
B-Yusupov,A/Linares/1992/ 0,5 (21) Inf 54/406/}) (9. Be2 Re8 $5 (9... dxc4 10.
Bxc4 a6 11. Qc2 b5 12. Bd3 Bb7 13. Ne4 Qa5+ 14. Ke2 Be7 15. Nxf6+ Bxf6 16.
Bxh7+ Kh8 17. Rac1 $1 Rac8 18. Qb1 b4 19. Be4 $16 {Sokolov,I-Cifuentes Parada,
R/Oviedo/1992/ Inf 56/450/}) 10. Bg5 Be7 11. Qc2 h6 12. Bh4 dxc4 13. Bxc4 Nd5
$1 14. Bxe7 Ncxe7 15. O-O Nxc3 16. Qxc3 Qc7 17. Nd4 Bd7 $10 {Sokolov,I-Lobron,
E/Debrecen/1992/ 1:0 (41) Inf 56/450/}) 9... d4 10. Nxd4 (10. Na4 $2 Qa5+ 11.
b4 Nxb4 12. axb4 Bxb4+ 13. Ke2 d3+ 14. Kxd3 Rd8+ 15. Nd4 e5) (10. exd4 $5 Nxd4
11. Nxd4 Qxd4 12. Qxd4 Bxd4 $10) 10... e5 $1 (10... Nxd4 11. b4 $1 Bb6 (11...
Nc6 12. Qxd8 Rxd8 13. bxc5 $14) 12. exd4 Qxd4 13. Qxd4 Bxd4 14. Nb5 $16) 11.
Nb3 (11. Nxc6 Qxd1+ 12. Rxd1 exf4 13. Nd4 fxe3 14. fxe3 Re8 $44) 11... Bxa3 (
11... exf4 12. Qxd8 Rxd8 13. Nxc5 fxe3 14. fxe3 Re8 15. Nd5) 12. bxa3 exf4 13.
Qxd8 Rxd8 14. exf4 Be6 15. f3 $14 b6 16. Kf2 Nd4 (16... Rd7 $5) 17. Nxd4 Rxd4
18. Ke3 Rd7 (18... Rad8 19. Nd5 $1) 19. Be2 Re8 20. Kf2 Rc8 21. Rhd1 (21. Ne4
Nxe4+ 22. fxe4 Rdc7 23. Rc3 Bxc4 24. Rhc1 b5 25. Bxc4 bxc4) 21... Rxd1 (21...
Rdc7 22. Nb5 $14) 22. Rxd1 Kf8 23. Rd4 Ke7 24. g4 g6 25. Bd3 Rc5 26. Ke3 Ne8
27. f5 (27. Nd5+ Bxd5 28. Rxd5 Rxd5 29. cxd5 Kd6 30. Kd4 Nc7 31. Bc4 $14) 27...
gxf5 28. gxf5 Bxf5 29. Nd5+ Ke6 30. Bxf5+ Kxf5 31. Rf4+ Kg6 (31... Ke6 $2 32.
Re4+ Kd7 33. Re7+ Kd8 34. Rxa7 $18) 32. Kd4 Kg7 33. Rg4+ (33. Rg4+ Kf8 34. Rh4
Kg7 35. Rg4+ $10) 1/2-1/2

[Event "Vienna op"]
[Site "Vienna"]
[Date "1996.??.??"]
[Round "6"]
[White "Ibragimov, Ildar"]
[Black "Lputian, Smbat G"]
[Result "1-0"]
[WhiteElo "2545"]
[BlackElo "2595"]
[Annotator "Chekhov,V"]
[PlyCount "117"]
[EventDate "1996.??.??"]
[EventType "swiss"]
[EventRounds "9"]
[EventCountry "AUT"]
[SourceTitle "CBM 053 Extra"]
[Source "ChessBase"]
[SourceDate "1996.09.01"]
[SourceVersion "1"]
[SourceVersionDate "1996.09.01"]
[SourceQuality "1"]

1. c4 e6 2. Nf3 d5 3. d4 Nf6 4. Nc3 Be7 5. Bf4 O-O 6. e3 c5 7. dxc5 Bxc5 8. Be2
dxc4 (8... Nc6 9. O-O dxc4 10. Bxc4 Qxd1 11. Rfxd1 b6 12. Nb5 Bb7 13. Bd6 Bxd6
14. Nxd6 Na5 15. Bb5 Bxf3 16. gxf3 a6 17. Bf1 Nd5 18. Rac1 $14 {Karlsson,
L-Balashov,Y/Helsinki/1983/1|0/33/}) 9. Bxc4 Qxd1+ (9... a6 10. Qe2 b5 11. Bd3
Nbd7 12. O-O Bb7 13. Rfd1 Qb6 14. Bg3 (14. Ng5 $6 e5 15. Bg3 b4 16. Nce4 h6 17.
Nxf6+ Nxf6 $15 {Ibragimov,I-Sturua,Z/Peristeri/1993/0,5/24/}) 14... Be7 15. a4
b4 16. a5 Qc5 $132 {Gurevich,M-Geller,E/Helsinki/1992/1|0/34/}) 10. Rxd1 Nc6 (
10... a6 11. Ne5 Nbd7 12. Be2 Nxe5 13. Bxe5 b5 14. Bf3 Ra7 15. Ke2 Bd7 16. Rc1
$14 {Malaniuk,V-Arlandi,E/Forli/1992/1|0/50/}) 11. O-O b6 12. e4 $5 (12. Nb5 $5
Bb7 13. Nd6 (13. Bd6 $5) 13... Bxd6 14. Bxd6 Rfd8 15. Ba3 Rxd1 16. Rxd1 Rd8 17.
Rxd8+ Nxd8 18. Ne5 $14 {Bartelborth,T-Grzesik,F/GER/1983/0,5/36/}) 12... Bb7
13. e5 Na5 $1 14. exf6 Nxc4 15. b3 Bb4 16. Nb5 Na3 17. fxg7 Kxg7 18. Nc7 Bxf3 (
18... Rad8 19. Ne5 Be7 (19... Bd6 20. Nxf7 Bxf4 21. Nxd8 Bxc7 22. Nxe6+ Kf7 23.
Nxc7 $18) 20. Nd7 Rg8 21. Rd3 $36) 19. gxf3 Rad8 20. Bg5 Rxd1 21. Rxd1 Kg6 22.
Bh4 Nc2 23. Kf1 Rc8 24. Bg3 h5 25. Rd7 (25. Na6 $5 Bc3 26. Rd7 Nd4 27. Kg2 $36)
25... a5 26. Nb5 Rc5 27. Nd6 h4 (27... Rd5 28. Rc7 Bxd6 (28... Nd4 29. Nxf7 $36
) 29. Rxc2 $10) 28. Bxh4 Rd5 29. Bg3 Rd1+ 30. Kg2 (30. Ke2 Rd2+ 31. Kf1 Rd1+
$10) 30... Ne1+ 31. Kf1 (31. Kh3 Nxf3 32. Rd8 Ng5+ 33. Kg2 Bxd6 34. Rxd6 Rxd6
35. Bxd6 b5 36. a4 bxa4 37. bxa4 Ne4 38. Bc7 Nc3 $10) 31... Nc2+ (31... Nxf3+
32. Ke2 $18) 32. Kg2 Ne1+ 33. Kf1 Nc2+ 34. Kg2 Ne1+ 35. Kh3 Nxf3 36. Rd8 Rd2 (
36... Bxd6 $5 37. Rxd6 Rxd6 38. Bxd6 Ng5+ 39. Kg2 b5 40. a4 bxa4 41. bxa4 Ne4
$10) 37. Kg4 Ng1 38. Rg8+ Kh7 39. Rd8 Kg6 40. Rg8+ Kh7 41. Rd8 Rd4+ $6 (41...
Kg6 $10) 42. Kg5 e5 43. Bxe5 Nf3+ 44. Kf5 Nxe5 45. Kxe5 Rd2 46. f4 Bxd6+ $6 (
46... Rxh2 47. Nxf7 Rxa2 $10) 47. Rxd6 Rxa2 48. Rxb6 Kg7 (48... Rxh2 $1 49. Rb5
(49. Kf6 $4 Rh6+ $19) 49... Rh3 50. Kd4 (50. Kf6 $1 Kg8 51. Rb8+ Kh7 52. f5 (
52. Kxf7 Rf3 $10) 52... Rf3 53. Rb5 Kg8 $22 54. Rxa5 Rxb3 55. Ra8+ Kh7 56. Kxf7
Rb7+ $10) 50... Rf3 51. f5 Kg7 52. Kc4 Kf6 53. Rxa5 Rxf5 $10) 49. h4 a4 (49...
Rh2 50. Rb5 f6+ 51. Ke4 $16) 50. b4 a3 51. Kd5 Rf2 52. Ra6 Rxf4 53. b5 Rxh4 54.
b6 Rb4 55. Kc6 f5 (55... Rb3 56. b7 f5 (56... Rc3+ 57. Kb6 Rb3+ 58. Ka7 f5 59.
b8=Q Rxb8 60. Kxb8 a2 61. Kc7 $18) 57. Rxa3 $18) 56. b7 f4 57. Rxa3 Kf6 58. Ra5
f3 (58... Rb1 59. Kc7 Rc1+ 60. Kb6 Rb1+ 61. Rb5 $18) 59. Ra3 1-0

[Event "RUS-ch"]
[Site "Elista"]
[Date "1995.??.??"]
[Round "5"]
[White "Lugovoi, Aleksei"]
[Black "Korneev, Oleg"]
[Result "1-0"]
[WhiteElo "2490"]
[BlackElo "2605"]
[Annotator "Chekhov,V"]
[PlyCount "49"]
[EventDate "1995.10.??"]
[EventType "swiss"]
[EventRounds "11"]
[EventCountry "RUS"]
[SourceTitle "CBM 050"]
[Source "ChessBase"]
[SourceDate "1996.02.01"]
[SourceVersion "1"]
[SourceVersionDate "1996.02.01"]
[SourceQuality "1"]

1. d4 d5 2. c4 e6 3. Nf3 Nf6 4. Nc3 Be7 5. Bf4 O-O 6. e3 c5 7. dxc5 Bxc5 8. Qc2
Nc6 9. a3 Qa5 10. O-O-O Be7 11. h4 $5 Rd8 (11... dxc4 12. Bxc4 b6 13. Ng5 Ba6
14. Nce4 g6 15. Nxf6+ Bxf6 16. Ne4 Be7 17. Bxa6 Qxa6 18. Kb1 Qb7 19. h5 $36 {
Kasparov,G-Vaganian,R/Novgorod/1995/1|0/24/}) 12. g4 Bd7 13. Kb1 dxc4 14. Bxc4
Rac8 15. g5 Nh5 16. Bd6 Be8 $5 {/N/} (16... g6 17. Be2 Bxd6 18. Rxd6 Ne7 19.
Qb3 Bc6 20. Rxd8+ Rxd8 21. Rd1 Qf5+ 22. Ka1 Rf8 $132 {Kasparov,G-Ehlvest,J/
Novgorod/1995/0,5/43/}) 17. Bxe7 Nxe7 18. Rxd8 Rxd8 19. Rd1 Rc8 20. Bb3 Nf5 (
20... Bc6 21. Nd4 Bd5 22. e4 Bxb3 23. Qxb3 $36) (20... Qf5 $5 21. Qxf5 Nxf5 22.
e4 Ne7 $132) 21. Qd3 (21. e4 Bc6 $6 (21... Ne7 $5 $132) 22. exf5 Bxf3 23. fxe6
Bxd1 24. exf7+ Kf8 25. Qxd1 $18) 21... g6 22. Nd4 Nxd4 $6 (22... Rd8 $5 23. Qe4
Nxd4 24. Rxd4 Bc6 25. Rxd8+ Qxd8 26. Qe5 Qd2 $10) 23. exd4 $1 (23. Qxd4 Qf5+
24. e4 Qf4 25. e5 (25. Qxa7 Bc6 26. Qd4 Qxh4 $132) 25... Qxd4 26. Rxd4 Bc6 $132
) 23... Bc6 (23... Nf4 24. Qe3 Nd5 25. Nxd5 exd5 26. h5 $36) (23... Qf5 24.
Qxf5 gxf5 25. d5 $16) 24. d5 Nf4 $4 (24... exd5 25. Nxd5 Bxd5 26. Qxd5 Qxd5 27.
Rxd5 Rc7 28. Rd4 $16) (24... Rd8 25. Qf3 exd5 26. Bxd5 Bxd5 27. Rxd5 Rxd5 28.
Nxd5 $36) 25. Qd2 $1 (25. Qd2 Nxd5 26. Nxd5 Qxd2 27. Nf6+ Kg7 28. Rxd2 $18) 1-0

[Event "Montreal International"]
[Site "Montreal"]
[Date "1979.04.14"]
[Round "4"]
[White "Karpov, Anatoly"]
[Black "Spassky, Boris Vasilievich"]
[Result "1-0"]
[WhiteElo "2705"]
[BlackElo "2640"]
[Annotator "ChessBase"]
[PlyCount "81"]
[EventDate "1979.04.11"]
[EventType "tourn"]
[EventRounds "18"]
[EventCountry "CAN"]
[EventCategory "15"]
[SourceTitle "MCL"]
[Source "ChessBase"]
[SourceDate "1999.07.01"]
[SourceVersion "1"]
[SourceVersionDate "1999.07.01"]
[SourceQuality "1"]

1. d4 Nf6 2. c4 e6 3. Nf3 d5 4. Nc3 Be7 5. Bf4 O-O 6. e3 c5 7. dxc5 Nc6 8. Qc2
Qa5 9. a3 Bxc5 10. Rd1 Be7 11. Nd2 Bd7 (11... e5 $13 {main line}) 12. Be2 (12.
Nb3 Qb6 13. cxd5 Nxd5 14. Nxd5 exd5 15. Rxd5 Be6 (15... Bb4+ 16. Nd2 (16. axb4
Nxb4 17. Qd2 Nxd5 18. Qxd5 Be6 $19) 16... Rac8 $13) 16. Rb5) 12... Rfc8 13. O-O
(13. Nb3 Qb6 14. c5 $6 Bxc5 15. Na4 Nb4 $1 (15... Bb4+ 16. Kf1 $1 (16. axb4
Nxb4 17. Nxb6 Nxc2+ 18. Kd2 axb6 $17)) 16. axb4 (16. Qxc5 Bxa4) (16. Nxb6 Nxc2+
17. Kd2 axb6 18. Kxc2 Ba4 $1 19. Rd3 Ne4 $17) 16... Bxa4 $17) 13... Qd8 14.
cxd5 exd5 (14... Nxd5 15. Nxd5 exd5 16. Qb3 Qb6 $6 17. Qxd5 Be6 18. Qb5) 15.
Nf3 $1 h6 16. Ne5 Be6 (16... Qe8 17. Nxc6 Bxc6 18. Qb3 Rd8 19. Bf3 Ne4 20. Nxd5
{? Tal} Ba4 {-+ Tal} 21. Nxe7+ Kf8 22. Rxd8 Bxb3 23. Rxe8+ Rxe8 24. Bxe4 $18)
17. Nxc6 Rxc6 18. Bf3 Qb6 19. Be5 $1 Ne4 20. Qe2 (20. Bd4 Bc5 21. Bxc5 Rxc5 22.
Bxe4 dxe4 23. Qxe4 Qxb2 24. Na4 Re5 25. Qf4 Qb5) (20. Bxe4 dxe4 21. Qxe4 Qxb2
22. Nd5 Bxd5) 20... Nxc3 21. Bxc3 Rd8 (21... Bxa3 22. Bxg7 $1) (21... Rxc3 $5
22. bxc3 Qa5) 22. Rd3 $1 Rcd6 23. Rfd1 R6d7 24. R1d2 Qb5 25. Qd1 b6 26. g3 Bf8
27. Bg2 Be7 28. Qh5 $1 a6 29. h3 Qc6 30. Kh2 a5 31. f4 f6 (31... f5 32. Qg6 Bf8
33. Be5 {/\g3-g4}) 32. Qd1 Qb5 33. g4 g5 34. Kh1 Qc6 35. f5 Bf7 36. e4 Kg7 37.
exd5 Qc7 38. Re2 b5 39. Rxe7 Rxe7 40. d6 Qc4 41. b3 1-0

[Event "Salamanca"]
[Site "Salamanca"]
[Date "1989.??.??"]
[Round "?"]
[White "Polgar, Zsuzsa"]
[Black "Franco Ocampos, Zenon"]
[Result "1-0"]
[WhiteElo "2510"]
[BlackElo "2490"]
[Annotator "ChessBase"]
[PlyCount "165"]
[EventDate "1989.04.??"]
[EventType "tourn"]
[EventRounds "11"]
[EventCountry "ESP"]
[EventCategory "9"]
[SourceTitle "CBM 013"]
[Source "ChessBase"]
[SourceDate "1989.12.01"]
[SourceVersion "1"]
[SourceVersionDate "1989.12.01"]
[SourceQuality "1"]

1. d4 Nf6 2. c4 e6 3. Nf3 d5 4. Nc3 Be7 5. Bf4 O-O 6. e3 c5 7. dxc5 Nc6 {
7...Bxc5} 8. cxd5 exd5 9. Be2 Bxc5 10. O-O Be6 11. Na4 {N; 11.Ne5; 11.Rc1+/=}
Be7 (11... Bb6 12. Bg5 $14) 12. Ne5 Ne4 (12... Rc8 13. Rc1) 13. Rc1 Nxe5 (13...
Rc8 14. Nxc6 bxc6 $2 15. Ba6 $16) 14. Bxe5 Rc8 15. Rxc8 (15. Nc3 Qa5) 15...
Qxc8 16. Nc3 (16. Qd4 $5 f6 17. Bf4 $14) 16... Qc5 17. Bd3 Nxc3 (17... f5 18.
Ne2 $16) 18. Bxc3 $16 Rc8 19. Qh5 $1 h6 (19... g6 $2 20. Qe5 $18) 20. Bd4 {
>= 20.h3! /\ f2-f4} Qa5 21. f4 $5 Qd2 $1 22. Qd1 $1 (22. f5 Bd7 23. f6 $2 Bxf6
24. Bxf6 Qxe3+ 25. Kh1 Qxd3 $17) 22... Qxd1 23. Rxd1 b6 24. Kf2 f6 {24...Bc5}
25. Kf3 Kf7 26. g4 g5 $6 (26... g6 27. a3 {/\ Bd3-b1-a2}) 27. h4 $1 Rg8 (27...
gxh4 $2 28. f5 Bd7 29. Rh1 $16) (27... gxf4 28. exf4) 28. hxg5 hxg5 (28... fxg5
$2 29. f5 Bd7 30. e4 $1 Bc6 31. Rc1 {/\ Rc7+}) 29. f5 $1 Bd7 30. Ba6 {30.e4!?}
Rb8 $8 31. Rg1 Bd6 32. Rh1 Bf8 (32... Kg7 33. Rh5 $16) 33. Kf2 $138 Kg7 (33...
b5 34. Rc1 Bd6 35. b4 $1 $16 {/\ a3 ()}) 34. b3 Be7 35. Rh5 Kg8 $8 (35... Kf7
36. Rh7+ $18) 36. Kg2 Be8 37. Rh1 Kg7 (37... Bd7 $2 38. Rc1 $16) 38. Rc1 Bd6
39. Bc8 $1 Bb5 40. Kf2 $1 (40. Be6 Be2 41. Bxd5 Bxg4 42. Rc6 Rd8) 40... Be8 41.
Kf3 (41. Be6 Bf7) 41... Bb5 42. Kf2 (42. Be6 Rh8 43. Bxd5 Rh3+) (42. a4 $5)
42... Be8 43. a4 a5 (43... Bf7 44. Rc6 $16) 44. Be6 b5 (44... Bf7 45. Bxf7 Kxf7
46. Rc6 $16) 45. Bxd5 bxa4 46. bxa4 Bxa4 47. Ra1 (47. Bc3 $2 Bb3 $1 48. Bxb3
Rxb3 49. Bxa5 Rxe3 $1 $10) 47... Bb3 (47... Rb5 $2 48. Bc6) (47... Rb4 48. Kf3
$1 Bc7 $2 (48... Bc2 49. Rxa5 Bd1+ 50. Kf2 Bxg4 51. Ra7+ Kf8 52. Bxf6 Bxf5 53.
Bc3 {/\ 53.Rf7+}) 49. Bc3 Rb5 50. Bc4 $18) 48. Bxb3 Rxb3 49. Rxa5 Rb7 50. Ra6
Be7 51. Kf3 $18 Kf7 52. Ke4 Rd7 53. Kd3 Rc7 54. Ra8 Rd7 (54... Bc5 55. Bxc5
Rxc5 56. Ra7+ Kf8 57. Kd4 Re5 58. e4 {/\ Rd7-d5, e4-e5 +-}) 55. Kc4 Rc7+ 56.
Kd5 Rd7+ 57. Kc6 Rd8 58. Ra7 (58. Rxd8 $2 Bxd8 $10) 58... Ke8 $1 59. Ra1 Rd6+
60. Kb5 Rd7 61. Rh1 Kf7 62. Kc6 Rd6+ 63. Kc7 Rd5 64. Rh8 Kg7 65. Re8 Kf7 (65...
Bf8 66. Bxf6+ $18) 66. Ra8 Rb5 67. Kc6 Rb1 68. Ra7 Rc1+ 69. Kd5 Ke8 70. e4 Rc2
(70... Kf7 $2 71. Bxf6 Kxf6 72. e5+ Kf7 73. f6 $18) (70... Rc8 71. Bb6) 71. Ra6
Rd2 (71... Kf7 72. e5 $18) 72. e5 fxe5 73. Kxe5 Kf7 74. Ra7 (74. f6 $2 Bf8 75.
Ra7+ Kg6) 74... Re2+ 75. Kd5 Rd2 76. f6 Rxd4+ 77. Kxd4 Kxf6 78. Ra6+ Kf7 79.
Ke5 Bc5 80. Kf5 Be3 81. Rf6+ Kg7 82. Re6 Bf4 83. Re7+ {Zsusa Polgar} (83. Re7+
Kg8 84. Kg6 Kf8 85. Rf7+ Kg8 86. Rf5 $18 Bd2 87. Rd5 {Zsusa Polgar}) 1-0

[Event "Esbjerg North Sea Cup-06"]
[Site "Esbjerg"]
[Date "1981.07.??"]
[Round "11"]
[White "Keene, Raymond"]
[Black "Jakobsen, Ole"]
[Result "1-0"]
[WhiteElo "2490"]
[BlackElo "2415"]
[Annotator "ChessBase"]
[PlyCount "73"]
[EventDate "1981.07.??"]
[EventType "tourn"]
[EventRounds "11"]
[EventCountry "DEN"]
[EventCategory "8"]
[SourceTitle "MCL"]
[Source "ChessBase"]
[SourceDate "1999.07.01"]
[SourceVersion "1"]
[SourceVersionDate "1999.07.01"]
[SourceQuality "1"]

1. d4 d5 2. c4 e6 3. Nc3 Be7 4. Nf3 Nf6 5. Bf4 O-O 6. e3 b6 7. cxd5 exd5 8. Bd3
Bb7 9. O-O c5 10. Ne5 Nc6 (10... Nbd7 11. Qf3 a6 12. Rad1 cxd4 13. exd4 $14)
11. Qf3 $1 cxd4 12. Nxc6 Bxc6 13. exd4 Qd7 14. Rfe1 Rfe8 15. Be5 b5 $6 (15...
Qg4 $5 16. Qe3 $14) 16. Bf5 Qb7 17. Re3 b4 (17... Ne4 18. Qh5 g6 19. Qxh7+ $1
Kxh7 20. Rh3+) 18. Ne2 g6 19. Ng3 $1 (19. Bxf6 Bxf6 20. Bxg6 hxg6 21. Qxf6 Rxe3
22. fxe3 Re8 23. Nf4 Qe7 (23... Rxe3 24. Nxg6 $1 fxg6 25. Qxg6+ Qg7 26. Qxc6
Qxd4 27. Qg6+ $16) 24. Qxe7 Rxe7 25. Kf2 $16) 19... Nd7 20. Bxd7 Qxd7 21. Nh5
$1 f5 (21... gxh5 22. Qxh5 f6 23. Rg3+ Kh8 24. Qh6 Rg8 25. Bxf6+ Bxf6 26. Qxf6+
Rg7 27. Rxg7 Qxg7 28. Qxc6 $18) 22. Rae1 Rf8 23. Qf4 (23. Bg7 Rf7 24. Rxe7 $2
Rxe7 25. Nf6+ Kf7 26. Nxd7 Rxe1#) 23... Rf7 24. Rg3 Re8 25. Ree3 (25. Rxg6+
hxg6 26. Qh6 Bf6 $1 27. Qxg6+ Bg7) 25... Qe6 26. h4 (26. Ng7 $5 Rxg7 27. Bxg7
$18) 26... Bf8 27. Ng7 Bxg7 28. Bxg7 Qd7 29. Be5 Re6 30. h5 Qe8 31. hxg6 Rxg6
32. Rxg6+ hxg6 33. Rh3 Rh7 34. Rxh7 Kxh7 35. Qh4+ Kg8 36. Qh8+ Kf7 37. Qf6+ (
37. Qf6+ Kg8 38. Qg7#) 1-0